Statistics for Daily Country Riddle #84

Click here to take the quiz!

General Stats

  • This quiz has been taken 95 times
  • The average score is 12 of 15

Answer Stats

TypeAnswer% Correct
Found LetterA
100%
Found LetterN
97%
Found LetterI
96%
Found LetterE
92%
Found LetterR
92%
Found LetterL
87%
Correctly Placed LetterA
84%
Correctly Placed LetterR
77%
Found LetterD
70%
Correctly Placed LetterE
69%
Correctly Placed LetterD
64%
Correctly Placed LetterL
64%
Correctly Placed LetterI
60%
Mystery CountryIreland
60%
Correctly Placed LetterN
60%

Score Distribution

Percentile by Number Answered

Percent of People with Each Score

Your Score History

You have not taken this quiz